000
00323pam a2200133 a 4500
020
_c
041
_h
082
_b
CHA
100
_a
Chatterji, M.
245
_a
Environmental And Health In Dveloping Countries
_h
Textual Documents
260
_a
Mumbai
_b
A P H Publication Corporation
300
_a
422/CB
930
_a
10195
999
_c
117020
_d
117020